LEADER 02872oam 2200673I 450 001 9910462603103321 005 20200520144314.0 010 $a1-317-04489-4 010 $a1-317-04488-6 010 $a1-315-61248-8 010 $a1-4094-6876-3 024 7 $a10.4324/9781315612485 035 $a(CKB)2670000000421857 035 $a(EBL)1389022 035 $a(OCoLC)858763034 035 $a(CaPaEBR)ebr10759687 035 $a(SSID)ssj0000999829 035 $a(PQKBManifestationID)12480578 035 $a(PQKBTitleCode)TC0000999829 035 $a(PQKBWorkID)10960887 035 $a(PQKB)10670064 035 $a(MiAaPQ)EBC1389022 035 $a(MiAaPQ)EBC4468536 035 $a(Au-PeEL)EBL4468536 035 $a(CaPaEBR)ebr11488589 035 $a(OCoLC)1018145996 035 $a(OCoLC)950005067 035 $a(EXLCZ)992670000000421857 100 $a20180706e20162013 uy 0 101 0 $aeng 135 $aur|n|---||||| 181 $ctxt 182 $cc 183 $acr 200 04$aThe Arab Spring and Arab Thaw $eunfinished revolutions and the quest for democracy /$fedited by John Davis 210 1$aLondon ;$aNew York :$cRoutledge,$d2016. 215 $a1 online resource (311 p.) 300 $a"First published 2013 by Ashgate Publishing"--t.p. verso. 311 $a1-4094-6875-5 320 $aIncludes bibliographical references at the end of each chapters and index. 327 $apart I. Revolts and counter revolts in a turbulent region -- part II. Regional and non-regional institutional involvement, American perspectives and winners and losers. 330 $aThe Arab Spring and Arab Thaw examines a range of successful and unsuccessful protest strategies and counter revolutionary tactics employed by protestors and autocratic regimes. Contributors explore the reactions of the USA, EU and Arab League to events in the region and provide insight as to the gendered dimensions of the struggle along with the ethnic and tribal divisions that continue to impact the post-revolt period. By addressing these critical queries the book demonstrate how the Arab Spring has evolved into a protracted Arab Thaw that continues to profoundly affect regional and internat 606 $aArab Spring, 2010- 606 $aRevolutions$zArab countries$xHistory$y21st century 606 $aDemocratization$zArab countries$xHistory$y21st century 607 $aArab countries$xPolitics and government$y21st century 608 $aElectronic books. 615 0$aArab Spring, 2010- 615 0$aRevolutions$xHistory 615 0$aDemocratization$xHistory 676 $a909.097492708312 701 $aDavis$b John$f1962-$0858901 801 0$bMiAaPQ 801 1$bMiAaPQ 801 2$bMiAaPQ 906 $aBOOK 912 $a9910462603103321 996 $aThe Arab Spring and Arab Thaw$91917019 997 $aUNINA